Представление документа в формате RUSMARC

ПолеНазваниеЗначение
  Тип записи a
  Библиографический уровень a
001 Контрольный номер RU/УОНБ/EK_Kray/384791349
005 Дата корректировки 20240131004835.2
100 Данные общей обработки __
a Данные общей обработки 20120311d2012 ||| 0rusy0189 ca
101 Язык документа 0_
a Язык текста rus
102 Страна публикации __
a Страна публикации RU
105 Кодированные данные (монография) __
a Кодированные данные (монография) y###||||000|y
200 Заглавие и сведения об ответственности 1_
a Заглавие Торжественность заснеженных берёз
e Сведения, относящиеся к заглавию стихи
225 Серия 1_
a Серия Слово
327 Примечание о содержании 11
a Примечание о содержании В Рождественские дни морозные
327 Примечание о содержании 11
a Примечание о содержании Тону и снова поднимаюсь
327 Примечание о содержании 11
a Примечание о содержании Маленький мальчик подставил ладошку
461 Уровень набора _0
1 2000
a Димитровград
1 011
463 Уровень физической единицы _0
1 001RU/УОНБ/EK_Kray/384775907
1 2000
a 31 янв
v С. 10
1 210
d 2012
610 Ключевые слова 0_
a Ключевые слова стихи
610 Ключевые слова 0_
a Ключевые слова поэты Димитровграда
686 Индексы других классификаций __
a Классификационный индекс 84-5
2 Код системы rubbk
700 Автор _1
a Фамилия Степанова
b Имя (инициалы) Л.
g Полное личное имя Лидия
4 Код отношения 070
801 Источник записи _0
a Страна RU
b Организация Ульяновская ОНБ
c Дата составления 20120311
g Правила каталогизации RCR
801 Источник записи _1
a Страна RU
b Организация Ульяновская ОНБ
c Дата составления 20120311
g Правила каталогизации RCR
901 Тип документа __
t Тип документа b
w Контрольный № источника RU/УОНБ/EK_Kray/384775907
909 Создатель записи __
a Создатель записи Кучерова
938 Служебная информация __
a Имя БД kraeved_work
b Имя библиотеки УОНБ
c Имя АИБС МАРК-SQL
d Номер DOC_ID в БД 84462